00712 a2200121 4500020001500000020001800015082001500033100002000048245006300068260004900131300002100180505038900201 a052181538X a9780521815383 a551.22,CHA1 aChapman, Chris.10aFundamentals of seismic wave propagation /cChris Chapman. a[S.l.] :bCambridge University Press,c2004. a634 p. ;c25 cm. aIntroduction (Page-1), Basic wave propagation (Page-6), Transforms (Page-45), Review of continuum mechanics and elastic waves (Page-76), Asymptotic ray theory (Page-134), Rays at an interface (Page-198), Differential systems for stratified media (Page-247), Inverse transforms for stratified media (Page-310), Canonical signals (Page-378), Generalizations of ray theory (Page-459).